000 00647nam a2200181 a 4500
001 000044866
005 20201002045705.0
008 150114s2014 dr ac 000 0 spa d
020 _a9789945583823
040 _aDO-SdBNP
_bspa
_cBNPHU
082 _axxxx
_bxxxx
100 1 _aFernández, Papo
_d1963-
_972877
245 1 0 _aGeneral Santiago Rodríguez :
_bpadre de la restauración de la independencia dominicana /
_cPapo Fernández (Ramón Antonio).
260 _aSanto Domingo :
_bSantuario,
_c2014.
300 _a117 p. :
_bil., retrs. ;
_c23 cm.
500 _aIncluye datos biográficos del autor en las solapas
504 _aBibliografía : p. 117
999 _c44355
_d44355